LEADER 01635oam 2200541zu 450 001 9910144583303321 005 20211202121907.0 010 $a0-470-17227-4 010 $a0-470-36027-5 035 $a(CKB)1000000000377057 035 $a(SSID)ssj0000354117 035 $a(PQKBManifestationID)11251626 035 $a(PQKBTitleCode)TC0000354117 035 $a(PQKBWorkID)10302245 035 $a(PQKB)11277789 035 $a(EXLCZ)991000000000377057 100 $a20160829d1994 uy 101 0 $aeng 181 $ctxt 182 $cc 183 $acr 200 10$aDynamic behavior of materials 210 31$a[Place of publication not identified]$cWiley$d1994 300 $aBibliographic Level Mode of Issuance: Monograph 311 $a0-471-58262-X 606 $aDeformations (Mechanics) 606 $aMicromechanics 606 $aMaterials Science$2HILCC 606 $aChemical & Materials Engineering$2HILCC 606 $aEngineering & Applied Sciences$2HILCC 606 $aDeformacions (Mecānica)$2lemac 606 $aMicromecānica$2lemac 606 $aMaterials compostos$2lemac 615 0$aDeformations (Mechanics) 615 0$aMicromechanics 615 7$aMaterials Science 615 7$aChemical & Materials Engineering 615 7$aEngineering & Applied Sciences 615 7$aDeformacions (Mecānica) 615 7$aMicromecānica 615 7$aMaterials compostos 676 $a620.1/123 700 $aMeyers$b Marc A$0472753 801 0$bPQKB 906 $aBOOK 912 $a9910144583303321 996 $aDynamic behavior of materials$92232636 997 $aUNINA LEADER 01987nam0 2200385 i 450 001 RAV0188186 005 20231121125637.0 020 $aIT$b1927 1949 100 $a20011126d1927 ||||0itac50 ba 101 | $aita 102 $ait 181 1$6z01$ai $bxxxe 182 1$6z01$an 200 1 $a˜I œnostri alleati navali$ericordi della guerra adriatica 1915-1918$fCamillo Manfroni 210 $aMilano$cA. Mondadori$d1927 215 $a318 p.$d22 cm 225 | $aCollezione italiana di diari, memorie, studi e documenti per servire alla storia della guerra del mondo 300 $aEd. di 300 esemplari numerati. 410 0$1001CUB0086051$12001 $aCollezione italiana di diari, memorie, studi e documenti per servire alla storia della guerra del mondo 606 $aGuerra mondiale 1914-1918$xOperazioni navali$xMare Adriatico$2FIR$3RMLC176993$9I 676 $a940.45945$9Operazioni navali della prima guerra mondiale di specifici paesi.Italia$v21 700 1$aManfroni$b, Camillo$3CFIV029744$4070$05221 801 3$aIT$bIT-01$c20011126 850 $aIT-RM0542 $aIT-RM0264 $aIT-RM0319 $aIT-FR0084 $aIT-RM0460 $aIT-FR0017 899 $aBIBLIOTECA DEL MINISTERO DEGLI AFFARI ESTERI$bRM0542 $eN 899 $aBiblioteca militare centrale dello Stato maggiore dell'esercito$bRM0264 899 $aBiblioteca dello Stato Maggiore dell' Aeronautica$bRM0319 899 $aBiblioteca Del Monumento Nazionale Di Montecassino$bFR0084 899 $aBiblioteca Dell' Archivio Centrale Dello Stato$bRM0460 899 $aBiblioteca umanistica Giorgio Aprea$bFR0017 $eN 912 $aRAV0188186 950 0$aBiblioteca umanistica Giorgio Aprea$d 52DES 945 Gat.Col.9$e 52SBA0000204705 VMB RS $fC $h20160509$i20160509 977 $a 09$a 16$a 22$a 25$a 27$a 52 996 $aNostri alleati navali$9635898 997 $aUNICAS